000 00712nam a2200193Ia 4500
003 GCL
008 140319s9999 xx 000 0 ara d
040 _aGCL /
_cGCL
082 0 4 _a956.9001
_bم م
245 1 0 _aملف مؤتمر ديربان
260 _aالقاهرة :
_bمركز الاهرام للتنظيم وتكنولوجيا المعلومات ،
_c2003
300 _aمتعدد ؛
_c32 سم
650 0 4 _aالنزاع العربى الاسرائيلى
650 0 4 _aاليهود
650 0 4 _aالصهيونية واليهودية
650 0 4 _aالصهيونية - تاريخ
650 0 4 _aالولايات المتحدة الامريكية - الاحوال السياسية
942 _2ddc
_cBK
999 _c5704
_d5704